Total Drama Characters by number of episodes Quiz Stats

 Plays Quiz not verified by Sporcle

Score 0/85 Timer 17:00
2 Plays Today
Number of episodes Character % Correct
86Owen
87.5%
71Gwen
87.5%
75Heather
81.3%
74Duncan
81.3%
119Chris McLean
75%
114Chef Hatchet
75%
50Harold
75%
64Geoff
75%
59Lindsay
68.8%
57LeShawna
68.8%
53DJ
68.8%
64Courtney
68.8%
49Noah
68.8%
45Beth
68.8%
41Bridgette
68.8%
35Alejandro Burromuerto
68.8%
35Tyler
68.8%
36Ezekiel
62.5%
26Zoey
62.5%
23Cameron
62.5%
23Mike
62.5%
12Jasmine
62.5%
6Dawn
62.5%
6Ella
62.5%
50Izzy
56.3%
42Cody
56.3%
38Trent
56.3%
31Sierra
56.3%
24Scott
56.3%
Number of episodes Character % Correct
12Sam
56.3%
8Brick
56.3%
4Amy
56.3%
2Staci
56.3%
35Justin
50%
28Sadie
50%
24Katie
50%
21Eva
50%
15Lightning
50%
14Jo
50%
13Shawn
50%
13Sky
50%
12Sugar
50%
10Max
50%
5Leonard
50%
10Dave
43.8%
10Mildred Stacey Andrews O'Halloran
43.8%
8Topher
43.8%
5Samey
43.8%
4Beverly
43.8%
26Sanders
43.8%
26Don
43.8%
10Scarlett
37.5%
9Dakota
37.5%
9Anne Maria
37.5%
4Rodney
37.5%
1Beardo
37.5%
24Brody
37.5%
26MacArthur
37.5%
Number of episodes Character % Correct
26Emma
31.3%
26Kitty
31.3%
25Devin
31.3%
25Carrie
31.3%
26Josee
25%
21Ennui
25%
17Dwayne
25%
17Junior
25%
15Lorenzo
25%
10Kelly
25%
4Gerry
25%
4Pete
25%
3Tammy
25%
24Ryan
18.8%
24Stephanie
18.8%
15Rock
18.8%
15Spud
18.8%
15Chet
18.8%
12Jay
18.8%
12Mickey
18.8%
10Taylor
18.8%
8Jen
18.8%
8Tom
18.8%
7Miles
18.8%
7Laurie
18.8%
26Jacques
12.5%
21Crmison
0%

You're not logged in!

Compare scores with friends on all Sporcle quizzes.
OR
Log In

Show Comments

Extras

Top Quizzes Today


Score Distribution

Your Account Isn't Verified!

In order to create a playlist on Sporcle, you need to verify the email address you used during registration. Go to your Sporcle Settings to finish the process.

Report this User

Report this user for behavior that violates our Community Guidelines.

Details: